|
|
|
|
| LEADER |
02559nam a2200637 i 4500 |
| 001 |
nkc20243602662 |
| 003 |
CZ PrNK |
| 005 |
20240509075825.0 |
| 007 |
ta |
| 008 |
240422s2024 xr a e c 000 0dcze |
| 020 |
|
|
|a 978-80-7035-854-2
|q (brožováno)
|
| 040 |
|
|
|a BOA001
|b cze
|d ABA001
|e rda
|
| 041 |
1 |
|
|a cze
|a eng
|h cze
|
| 043 |
|
|
|a e-xr---
|
| 045 |
|
|
|a y-y-
|
| 072 |
|
7 |
|a 74
|x Kresba. Umělecká řemesla
|2 Konspekt
|9 21
|
| 080 |
|
|
|a 741/744(437.3)
|2 MRF
|
| 080 |
|
|
|a 730(437.3)
|2 MRF
|
| 080 |
|
|
|a 7.038.55
|2 MRF
|
| 080 |
|
|
|a 7.036/.038
|2 MRF
|
| 080 |
|
|
|a (437.3)
|2 MRF
|
| 080 |
|
|
|a (083.824)
|2 MRF
|
| 100 |
1 |
|
|a Borecká, Filomena,
|d 1977-
|7 js20060120011
|4 art
|
| 245 |
1 |
0 |
|a Filomena Borecká :
|b dech tichých myšlenek = the breath of silent thoughts /
|c Adriana Šmejkalová ; překlad: Elizabet Kovačeva
|
| 246 |
3 |
0 |
|a Dech tichých myšlenek
|
| 246 |
3 |
0 |
|a Breath of silent thoughts
|
| 264 |
|
1 |
|a [Praha]:
|b Národní galerie v Praze,
|c 2024
|
| 300 |
|
|
|a 69 stran :
|b ilustrace (převážně barevné) ;
|c 27 cm
|
| 336 |
|
|
|a text
|b txt
|2 rdacontent
|
| 336 |
|
|
|a statický obraz
|b sti
|2 rdacontent
|
| 337 |
|
|
|a bez média
|b n
|2 rdamedia
|
| 338 |
|
|
|a svazek
|b nc
|2 rdacarrier
|
| 500 |
|
|
|a Vydáno ke stejnojmenné výstavě konané 21.3.-8.9.2024, Národní galerie v Praze, Veletržní palác
|
| 500 |
|
|
|a Životopisná data a přehled výstav
|
| 504 |
|
|
|a Obsahuje bibliografii a bibliografické odkazy
|
| 546 |
|
|
|a Souběžný anglický text
|
| 600 |
1 |
7 |
|a Borecká, Filomena,
|d 1977-
|7 js20060120011
|2 czenas
|
| 648 |
|
7 |
|a 21. století
|7 ch460559
|2 czenas
|
| 650 |
0 |
7 |
|a česká kresba
|7 ph116857
|y 21. století
|2 czenas
|
| 650 |
0 |
7 |
|a české sochařství
|7 ph128152
|y 21. století
|2 czenas
|
| 650 |
0 |
7 |
|a instalace (umění)
|7 ph121119
|z Česko
|y 21. století
|2 czenas
|
| 650 |
0 |
7 |
|a moderní umění
|7 ph115340
|z Česko
|2 czenas
|
| 650 |
0 |
9 |
|a Czech drawing
|y 21st century
|2 eczenas
|
| 650 |
0 |
9 |
|a Czech sculpture
|y 21st century
|2 eczenas
|
| 650 |
0 |
9 |
|a installations (art)
|z Czechia
|y 21st century
|2 eczenas
|
| 650 |
0 |
9 |
|a modern art
|z Czechia
|2 eczenas
|
| 655 |
|
7 |
|a katalogy výstav
|7 fd132536
|2 czenas
|
| 655 |
|
9 |
|a exhibition catalogs
|2 eczenas
|
| 700 |
1 |
|
|a Šmejkalová, Adriana
|7 ola20201074155
|4 aut
|
| 700 |
1 |
|
|a Kovačeva, Elizabet,
|d 1992-
|7 xx0211363
|4 trl
|
| 710 |
2 |
|
|a Veletržní palác (Praha, Česko)
|7 kn20050509008
|4 orm
|
| 910 |
2 |
|
|a BOA001
|b 3-1525.108
|
| 990 |
|
|
|a BK
|
| 995 |
|
|
|a 11
|
| 991 |
|
|
|b 202404
|c NOV
|
| 996 |
6 |
|
|b 2610967333
|c 3-1525.108
|l MZK
|r Sklad / do 1 hodiny
|n 0
|p p.v.
|w 001962019
|u 000010
|a 1
|e BOA001
|j MZK50
|s P
|